• 首页
  • 本馆介绍
  • 公告通知
  • 最新文献
  • 馆藏检索
  • 电子资源
  • 读者导购
  • 参考咨询
  • 我的图书馆
  • 登录
  • 详细信息显示
  • 放入我的书架
  • 预约/预借图书
  • 作者相关作品
  • 分类相关作品
  • 丛书相关作品
  • 出版社相关作品

书目信息

  • 表格格式
  • 工作单格式
  • 卡片格式
题名:
中国双人舞编导教程
    
 
作者: 张建民 著
分册:  
出版信息: 上海   上海音乐出版社  2004
页数: 155页
开本: 23cm
丛书名: 舞蹈学科应用与基础理论教材系列
单 册:
中图分类: J722.1
科图分类:
主题词: 舞蹈编导 , 双人舞--舞蹈编导--中国--高等学校--教材
电子资源:
ISBN: 7-80667-616-3
000 01055nam0 2200313 45
001 060000036547
005 20060104162504.43
010    @a7-80667-616-3@dCNY23.00
092    @aCN
100    @a20050715d2004 ekmy0chiy0120 ea
101 0  @achi
102    @aCN@b310000
105    @ay az 000yy
200 1  @a中国双人舞编导教程@9zhong guo shuang ren wu bian dao jiao cheng@f张建民著@Fzhang jian min zhu
210    @a上海@c上海音乐出版社@d2004
215    @a155页@d23cm
225 2  @a舞蹈学科应用与基础理论教材系列@i舞蹈编导学科系列
300    @a北京舞蹈学院“十五”规划教材
320    @a有书目:第152-154页
330    @a本书分六章。内容包括:站在中国文化背景下的中国双人舞、舞蹈编导、双人舞编导技术环节、双人舞编舞步骤等。
461  0 @12001 @a舞蹈学科应用与基础理论教材系列
462  0 @12001 @a舞蹈编导学科系列
606 0  @a舞蹈编导
606 0  @a双人舞@x舞蹈编导@y中国@x高等学校@j教材
690    @aJ722.1@v4
701  0 @a张建民@Azhang jian min@4著
801  0 @aCN@bCXYBOOK@c20060104
905    @a10447@dJ722.1@e57
999    @aYYW@eDF
    
    中国双人舞编导教程/张建民著.-上海:上海音乐出版社,2004
    155页;23cm.-(舞蹈学科应用与基础理论教材系列.舞蹈编导学科系列)
    北京舞蹈学院“十五”规划教材
    
    ISBN 7-80667-616-3:CNY23.00
    本书分六章。内容包括:站在中国文化背景下的中国双人舞、舞蹈编导、双人舞编导技术环节、双人舞编舞步骤等。
●
相关链接 在E读中查询图书 在五车中查询图书 在当当中查询图书 在豆瓣中查询图书


正题名:中国双人舞编导教程     索取号:J722.1/57         预约/预借

序号 登录号 条形码 馆藏地/架位号 状态 备注
1 0373628   203736289   第一样本阅览室/ [索取号:J722.1/57] 在馆    
唐山师范学院图书馆 欢迎您!
大连网信软件有限公司© 版权所有